|
|
|
|
| LEADER |
00000cam a22000004a 4500 |
| 001 |
musev2_80923 |
| 003 |
MdBmJHUP |
| 005 |
20230905052319.0 |
| 006 |
m o d |
| 007 |
cr||||||||nn|n |
| 008 |
100421s2010 inu o 00 0 eng d |
| 020 |
|
|
|a 9781575065670
|
| 035 |
|
|
|a (OCoLC)1273306062
|
| 040 |
|
|
|a MdBmJHUP
|c MdBmJHUP
|
| 100 |
1 |
|
|a Van Seters, John.
|
| 245 |
1 |
4 |
|a The Edited Bible :
|b The Curious History of the "Editor" in Biblical Criticism /
|c John Van Seters.
|
| 250 |
|
|
|a 2. print. with minor corrections.
|
| 264 |
|
1 |
|a Winona Lake, Ind. :
|b Eisenbrauns,
|c 2010.
|
| 264 |
|
3 |
|a Baltimore, Md. :
|b Project MUSE,
|c 2021
|
| 264 |
|
4 |
|c ©2010.
|
| 300 |
|
|
|a 1 online resource (448 pages).
|
| 336 |
|
|
|a text
|b txt
|2 rdacontent
|
| 337 |
|
|
|a computer
|b c
|2 rdamedia
|
| 338 |
|
|
|a online resource
|b cr
|2 rdacarrier
|
| 520 |
0 |
|
|a Introduction -- The early history of editing -- Jewish and Christian scholarship and standardization of biblical texts -- Classical and biblical text editions : editing in the age of the printing press -- Editing Homer : the rise of historical criticism in classical studies -- The history of the "editor" in biblical criticism from Simon to Wellhausen -- The history of redaction in the twentieth century : crisis in higher criticism -- Editing the Bible and textual criticism -- Editors and the creation of the canon -- Summary and conclusion.
|
| 588 |
|
|
|a Description based on print version record.
|
| 630 |
0 |
7 |
|a Bible.
|2 fast
|0 (OCoLC)fst01356024
|
| 630 |
0 |
0 |
|a Bible
|x Criticism, Redaction
|x History.
|
| 650 |
|
7 |
|a Editing.
|2 fast
|0 (OCoLC)fst00902451
|
| 650 |
|
7 |
|a Classical literature.
|2 fast
|0 (OCoLC)fst00863509
|
| 650 |
|
0 |
|a Editing.
|
| 650 |
|
0 |
|a Classical literature
|x History and criticism.
|
| 655 |
|
7 |
|a History.
|2 fast
|0 (OCoLC)fst01411628
|
| 655 |
|
7 |
|a Criticism, interpretation, etc.
|2 fast
|0 (OCoLC)fst01411635
|
| 655 |
|
7 |
|a Electronic books.
|2 local
|
| 710 |
2 |
|
|a Project Muse.
|e distributor
|
| 830 |
|
0 |
|a Book collections on Project MUSE.
|
| 856 |
4 |
0 |
|z Texto completo
|u https://projectmuse.uam.elogim.com/book/80923/
|
| 945 |
|
|
|a Project MUSE - Custom Collection
|